000 01185nam a2200289 i 4500
001 bg
003 BPK
005 20190725095257.0
008 980708s1995 pl a |001 0 pol
015 _aPB 439/96
020 _a8301118946
040 _aWA N
_cBPK
041 1 _apol
_heng
080 _a973
245 0 0 _aHistoria Stanów Zjednoczonych Ameryki.
_nT. 4,
_p1917-1945 /
_c[red. nauk. Andrzej Bartnicki, Donald T. Critchlow]. ; [t. 4] red. nauk. A. Bartnicki, Zbigniew Kwiecień ; [aut. A. Bartnicki [et al.].
260 _aWarszawa :
_bWydaw. Naukowe PWN,
_c1995
_e(Łódź :
_fDWN).
300 _a388, [3] s., [24] s. tabl. :
_bil., fot., mapy, portr., wykr. ;
_c24 cm.
500 _aTekst częśc. tł. z ang.
504 _aBibliogr. przy rozdz. - Indeksy.
651 4 _aStany Zjednoczone
_y20 w.
700 1 _aCritchlow, Donald T.
_d(1948- ).
_eRed.
700 1 _aKwiecień, Zbigniew
_d(1951- ).
_eRed.
700 1 _aBartnicki, Andrzej
_d(1933-2004).
_eRedakcja
710 2 _aWydawnictwo Naukowe PWN
_4pbl.
942 _2UKD
_cKS
856 _uhttp://koha.tu.koszalin.pl/cgi-bin/koha/opac-detail.pl?biblionumber=32414
_yKatalog online BPK
999 _c32414
_d32414